Christianity - Statistics

General Stats
  • This quiz has been taken 1,106 times
  • The average score is 4 of 7
Answer Stats
Hint Answer % Correct
Who was Jesus' HUMAN father? Joseph
92%
Where was Jesus born? Bethlehem
88%
Who killed Goliath? David
86%
Who was the snake in Genesis? Satan
73%
Who went from a sinning man, to a main New-Testament preaching character? Paul
60%
Who tried to kill Jesus? Herod
33%
How long did Moses' peopel travel for the Promised Land? 40 days and 40 nights
6%
No matching quizzes found
Score Distribution
Percent of People with Each Score
Percentile by Number Answered
Your Score History
You have not taken this quiz